[Event "41. Torneo Internacional de La Roda"]
[Site "La Roda ESP"]
[Date "2014.04.19"]
[Round "6.15"]
[White "Cruz Lledo, Pablo"]
[Black "Garcia Ramos, Marcos"]
[Result "1-0"]
[WhiteElo "2339"]
[BlackElo "2126"]
[PlyCount "107"]
[EventDate "2014.04.16"]
[EventType "swiss"]
[EventRounds "9"]
[EventCountry "ESP"]
[Source "lmi"]
[SourceDate "2014.04.16"]

1. d4 Nf6 2. c4 e6 3. Nc3 Bb4 4. e3 b6 5. Bd3 Bb7 6. Nf3 O-O 7. O-O c5 8. Na4
cxd4 9. exd4 Re8 10. a3 Bf8 11. b4 d6 12. Re1 Nbd7 13. Bb2 Rc8 14. Rc1 Qc7 15.
d5 exd5 16. Rxe8 Rxe8 17. cxd5 Qd8 18. Bxf6 Nxf6 19. Bb5 Re7 20. Bc6 Qa8 21.
Nb2 Rc7 22. b5 Nd7 23. Nd3 Qd8 24. Nd4 Bc8 25. Bxd7 Rxc1 26. Nxc1 Bxd7 27. Nc6
Qg5 28. Nb3 Bh3 29. Qf3 Bg4 30. Qd3 Bf5 31. Qd2 Qxd2 32. Nxd2 Bd3 33. Nxa7 g6
34. Nc8 Bxb5 35. Nxb6 Bg7 36. Ndc4 Bd4 37. Nxd6 Bd3 38. Ndc4 Kf8 39. a4 Ke7 40.
a5 h5 41. h4 Kf6 42. g3 Ke7 43. Kg2 Kf6 44. Kf3 Ke7 45. a6 Bxb6 46. Nxb6 Bxa6
47. Ke4 f6 48. Kd4 Bf1 49. Kc5 Bh3 50. Kc6 g5 51. Kc7 gxh4 52. gxh4 Kf7 53. d6
Kg6 54. Nd5 1-0

[Event "41. Torneo Internacional de La Roda"]
[Site "La Roda ESP"]
[Date "2014.04.19"]
[Round "6.16"]
[White "Rubio Mejia, Luis Ignacio"]
[Black "Gertosio, Franck"]
[Result "1/2-1/2"]
[WhiteElo "2457"]
[BlackElo "2205"]
[PlyCount "70"]
[EventDate "2014.04.16"]
[EventType "swiss"]
[EventRounds "9"]
[EventCountry "ESP"]
[Source "lmi"]
[SourceDate "2014.04.16"]

1. d4 g6 2. c4 Bg7 3. Nc3 c5 4. d5 d6 5. e4 e6 6. Nge2 Ne7 7. Ng3 a6 8. Be3 O-O
9. Qd2 exd5 10. exd5 b5 11. cxb5 Qa5 12. Nge4 Nf5 13. bxa6 Nd4 14. Rd1 Nd7 15.
Nxd6 Bxa6 16. Nc4 Qb4 17. Na3 Bxf1 18. Kxf1 Rfb8 19. Ne4 Qxb2 20. Qxb2 Rxb2 21.
Nc4 Rc2 22. Ned2 Raxa2 23. g3 Nf5 24. Bf4 Ra4 25. Ne3 Nxe3+ 26. Bxe3 Bd4 27.
Bf4 Ne5 28. Bxe5 Bxe5 29. Nf3 Bd6 30. Kg2 Raa2 31. Rhf1 c4 32. Nd4 Rcb2 33. Rc1
Ra4 34. Nc6 Rd2 35. Rfd1 Raa2 1/2-1/2

[Event "41. Torneo Internacional de La Roda"]
[Site "La Roda ESP"]
[Date "2014.04.19"]
[Round "6.17"]
[White "Rego, Pedro Filipe"]
[Black "Barria Zuniga, Daniel"]
[Result "1-0"]
[WhiteElo "2226"]
[BlackElo "2452"]
[PlyCount "55"]
[EventDate "2014.04.16"]
[EventType "swiss"]
[EventRounds "9"]
[EventCountry "ESP"]
[Source "lmi"]
[SourceDate "2014.04.16"]

1. c4 e6 2. g3 d5 3. Bg2 g6 4. Nf3 Bg7 5. O-O Ne7 6. cxd5 exd5 7. d4 O-O 8. Bf4
h6 9. Qc1 g5 10. Bxc7 Qd7 11. Ne5 Qe6 12. Bxb8 Rxb8 13. Qc7 Ra8 14. Nc3 f6 15.
Ng6 Re8 16. Nxe7+ Rxe7 17. Qc5 Kh8 18. Nxd5 Rd7 19. Rac1 b6 20. Qc4 Bb7 21. Ne3
Qxc4 22. Rxc4 Bxg2 23. Kxg2 b5 24. Rc5 Rxd4 25. Rxb5 Rd2 26. Rb7 Rxe2 27. Rd1
Re8 28. Kf3 1-0

[Event "41. Torneo Internacional de La Roda"]
[Site "La Roda ESP"]
[Date "2014.04.19"]
[Round "6.19"]
[White "Bendayan Claros, Aaron"]
[Black "Suba, Mihai"]
[Result "1/2-1/2"]
[WhiteElo "2202"]
[BlackElo "2401"]
[PlyCount "68"]
[EventDate "2014.04.16"]
[EventType "swiss"]
[EventRounds "9"]
[EventCountry "ESP"]
[Source "lmi"]
[SourceDate "2014.04.16"]

1. d4 Nf6 2. c4 e6 3. Nf3 c5 4. Nc3 cxd4 5. Nxd4 a6 6. e4 Qc7 7. Qe2 d6 8. g3
b6 9. Bg2 Bb7 10. O-O Be7 11. Bd2 O-O 12. h3 Nbd7 13. Rac1 Rac8 14. b3 Qb8 15.
Kh2 Rfe8 16. f4 e5 17. Nf5 Bf8 18. fxe5 Nxe5 19. Nh6+ gxh6 20. Rxf6 Bg7 21. Rf5
b5 22. cxb5 axb5 23. Qh5 b4 24. Nd5 Rxc1 25. Bxc1 Bxd5 26. exd5 Qc8 27. Rf1 Qc2
28. Bxh6 Bxh6 29. Qxh6 Ng6 30. Rc1 Qxa2 31. h4 Qf2 32. Rc4 Qe3 33. Qxe3 Rxe3
34. Rxb4 Ne7 1/2-1/2

[Event "41. Torneo Internacional de La Roda"]
[Site "La Roda ESP"]
[Date "2014.04.19"]
[Round "6.20"]
[White "Buendia Pinar, Alvaro"]
[Black "Lillo Castany, Victor"]
[Result "0-1"]
[WhiteElo "2151"]
[BlackElo "2303"]
[PlyCount "106"]
[EventDate "2014.04.16"]
[EventType "swiss"]
[EventRounds "9"]
[EventCountry "ESP"]
[Source "lmi"]
[SourceDate "2014.04.16"]

1. d4 Nf6 2. c4 g6 3. Nc3 d5 4. Bf4 Bg7 5. e3 c5 6. dxc5 Qa5 7. Qd2 dxc4 8.
Bxc4 O-O 9. Nge2 Qxc5 10. Bb3 Nc6 11. Na4 Qb5 12. Nac3 Qa5 13. O-O Rd8 14. Qc1
Nb4 15. Rd1 Nd3 16. Qb1 Bf5 17. Bc2 Nxf4 18. Nxf4 Bg4 19. Rxd8+ Rxd8 20. h3 Bd7
21. Qe1 Qb4 22. Nd3 Qb6 23. Rd1 Bc6 24. Bb3 Ne4 25. Nb4 Rxd1 26. Nxd1 Bd7 27.
Nd5 Qd6 28. Qb4 Qxb4 29. Nxb4 a5 30. Nd3 Kf8 31. Bd5 Nd6 32. Nc5 Bc8 33. Ne4
Nxe4 34. Bxe4 Ke8 35. Kf1 Kd7 36. Ke2 Kd6 37. Kd2 Kc5 38. Kc2 b5 39. Bd3 Be6
40. b3 Kb4 41. Kb1 a4 42. bxa4 bxa4 43. Nb2 Bxb2 44. Kxb2 a3+ 45. Kb1 Kc3 46.
Bb5 Kd2 47. e4 Ke1 48. f4 h5 49. Be8 h4 50. Ba4 Kf2 51. Bc6 Ke3 52. Bd5 Bxd5
53. exd5 Kf2 0-1

[Event "41. Torneo Internacional de La Roda"]
[Site "La Roda ESP"]
[Date "2014.04.19"]
[Round "6.24"]
[White "Donado-Mazarron Gomez, Miguel"]
[Black "Nicolas Zapata, Irene"]
[Result "0-1"]
[WhiteElo "2101"]
[BlackElo "2267"]
[PlyCount "82"]
[EventDate "2014.04.16"]
[EventType "swiss"]
[EventRounds "9"]
[EventCountry "ESP"]
[Source "lmi"]
[SourceDate "2014.04.16"]

1. e4 c5 2. Nf3 Nc6 3. d4 cxd4 4. Nxd4 g6 5. Nc3 d6 6. Be3 Nf6 7. Be2 Bg7 8.
Nb3 O-O 9. f4 e5 10. O-O exf4 11. Bxf4 Re8 12. Bf3 Ne5 13. Kh1 a6 14. a4 Nc4
15. Nd2 Ne5 16. Nb3 h6 17. a5 g5 18. Bg3 h5 19. h4 Nfg4 20. Qe1 Ng6 21. Rd1
gxh4 22. Bxd6 Qg5 23. Nd5 Re6 24. Nb6 Rxd6 25. Rxd6 Be5 26. Rxg6+ fxg6 27. Bxg4
Bxg4 28. Nxa8 h3 29. Qd2 hxg2+ 30. Qxg2 Kg7 31. Nb6 Qh4+ 32. Kg1 Bh3 33. Qf3
Qg5+ 34. Kf2 Bg4 35. Qg2 h4 36. Nd5 h3 37. Qh1 h2 38. Qg2 Qh4+ 39. Ke3 Bh3 40.
Qh1 Bxf1 41. Nd2 Qe1+ 0-1

[Event "41. Torneo Internacional de La Roda"]
[Site "La Roda ESP"]
[Date "2014.04.19"]
[Round "7.1"]
[White "Peralta, Fernando"]
[Black "Forcen Esteban, Daniel"]
[Result "1/2-1/2"]
[WhiteElo "2615"]
[BlackElo "2498"]
[PlyCount "36"]
[EventDate "2014.04.16"]
[EventType "swiss"]
[EventRounds "9"]
[EventCountry "ESP"]
[Source "lmi"]
[SourceDate "2014.04.16"]

1. d4 Nf6 2. c4 g6 3. Nc3 d5 4. cxd5 Nxd5 5. e4 Nxc3 6. bxc3 Bg7 7. Bb5+ c6 8.
Ba4 O-O 9. Ne2 e5 10. O-O Nd7 11. Rb1 Qe7 12. Bc2 Nb6 13. Bd3 Rd8 14. a4 Be6
15. a5 Nc4 16. Qa4 b5 17. axb6 axb6 18. Qxc6 Rac8 1/2-1/2

[Event "41. Torneo Internacional de La Roda"]
[Site "La Roda ESP"]
[Date "2014.04.19"]
[Round "7.2"]
[White "Perez Candelario, Manuel"]
[Black "Burmakin, Vladimir"]
[Result "0-1"]
[WhiteElo "2561"]
[BlackElo "2561"]
[PlyCount "64"]
[EventDate "2014.04.16"]
[EventType "swiss"]
[EventRounds "9"]
[EventCountry "ESP"]
[Source "lmi"]
[SourceDate "2014.04.16"]

1. e4 c6 2. d4 d5 3. e5 Bf5 4. g4 Bd7 5. c4 e6 6. Nc3 c5 7. cxd5 exd5 8. Nf3
Nc6 9. dxc5 Bxg4 10. Rg1 Qd7 11. Rg3 Bxc5 12. Qa4 Bxf3 13. Rxf3 Nge7 14. Bh3
Qc7 15. e6 fxe6 16. Bf4 Qd7 17. Nb5 Rc8 18. Bg3 Nf5 19. Bxf5 exf5 20. Nc7+ Rxc7
21. Bxc7 Qxc7 22. Rxf5 g6 23. Rf3 Rf8 24. Rxf8+ Kxf8 25. O-O-O Nb4 26. Kb1 Qf4
27. Rc1 Qe4+ 28. Ka1 Nd3 29. Qb5 a6 30. Qxb7 Nxc1 31. Qc8+ Kf7 32. Qxc5 Nd3 0-1

[Event "41. Torneo Internacional de La Roda"]
[Site "La Roda ESP"]
[Date "2014.04.19"]
[Round "7.3"]
[White "Matamoros Franco, Carlos S"]
[Black "Santos Ruiz, Miguel"]
[Result "1-0"]
[WhiteElo "2537"]
[BlackElo "2344"]
[PlyCount "57"]
[EventDate "2014.04.16"]
[EventType "swiss"]
[EventRounds "9"]
[EventCountry "ESP"]
[Source "lmi"]
[SourceDate "2014.04.16"]

1. c4 e5 2. Nc3 Nf6 3. Nf3 Nc6 4. g3 Bc5 5. Bg2 d6 6. d3 h6 7. a3 a6 8. O-O O-O
9. b4 Ba7 10. Bb2 Rb8 11. Rc1 Be6 12. e3 Qd7 13. Qc2 Ne7 14. Rfd1 Ng6 15. d4
exd4 16. Nxd4 Bh3 17. Nd5 Nxd5 18. cxd5 Bxg2 19. Kxg2 Qg4 20. Nf5 Ne5 21. Bxe5
dxe5 22. h3 Qg5 23. h4 Qf6 24. Qe4 Bb6 25. a4 a5 26. d6 c6 27. bxa5 Bxa5 28.
Rc5 Bb6 29. Ne7+ 1-0

[Event "41. Torneo Internacional de La Roda"]
[Site "La Roda ESP"]
[Date "2014.04.19"]
[Round "7.4"]
[White "Maiorov, Nikita"]
[Black "Cruz Lledo, Pablo"]
[Result "1/2-1/2"]
[WhiteElo "2522"]
[BlackElo "2339"]
[PlyCount "73"]
[EventDate "2014.04.16"]
[EventType "swiss"]
[EventRounds "9"]
[EventCountry "ESP"]
[Source "lmi"]
[SourceDate "2014.04.16"]

1. d4 d5 2. c4 c6 3. Nc3 Nf6 4. e3 g6 5. Nf3 Bg7 6. Be2 O-O 7. O-O Bg4 8. cxd5
cxd5 9. Qb3 b6 10. h3 Bc8 11. Ne5 Bb7 12. Bd2 Ne4 13. Nxe4 dxe4 14. Bb4 Nc6 15.
Nxc6 Bxc6 16. Ba6 Qd7 17. Rfc1 Bb7 18. Qa3 Bxa6 19. Qxa6 Rfe8 20. Rc2 e5 21.
dxe5 Bxe5 22. Rac1 Red8 23. Rd2 Qe8 24. Rxd8 Qxd8 25. b3 Qd7 26. Qc4 Rd8 27. g4
Re8 28. Qc6 Qxc6 29. Rxc6 Kg7 30. Kf1 Rd8 31. Ke2 Rd7 32. Bc3 Bxc3 33. Rxc3 Kf6
34. Rc8 Kg5 35. Rh8 h5 36. gxh5 gxh5 37. Rh7 1/2-1/2

[Event "41. Torneo Internacional de La Roda"]
[Site "La Roda ESP"]
[Date "2014.04.19"]
[Round "7.5"]
[White "Valmana Canto, Jaime"]
[Black "Del Rio De Angelis, Salvador G"]
[Result "1/2-1/2"]
[WhiteElo "2310"]
[BlackElo "2507"]
[PlyCount "51"]
[EventDate "2014.04.16"]
[EventType "swiss"]
[EventRounds "9"]
[EventCountry "ESP"]
[Source "lmi"]
[SourceDate "2014.04.16"]

1. d4 d6 2. g3 g6 3. Bg2 Bg7 4. Nf3 Nd7 5. O-O e5 6. c4 Ne7 7. Nc3 O-O 8. e3
exd4 9. exd4 Nb6 10. b3 Bg4 11. h3 Bxf3 12. Bxf3 Nf5 13. Ne2 d5 14. c5 Nd7 15.
h4 Nf6 16. Bg5 h6 17. Bf4 c6 18. Be5 Nd7 19. Bxg7 Nxg7 20. Qd2 h5 21. Bg2 Re8
22. Bh3 Nf8 23. Nf4 Qf6 24. Rae1 Nf5 25. Bxf5 Qxf5 26. Re3 1/2-1/2

[Event "41. Torneo Internacional de La Roda"]
[Site "La Roda ESP"]
[Date "2014.04.19"]
[Round "7.6"]
[White "Suarez Gomez, Julio"]
[Black "Paunovic, Dragan"]
[Result "1/2-1/2"]
[WhiteElo "2232"]
[BlackElo "2497"]
[PlyCount "71"]
[EventDate "2014.04.16"]
[EventType "swiss"]
[EventRounds "9"]
[EventCountry "ESP"]
[Source "lmi"]
[SourceDate "2014.04.16"]

1. e4 c5 2. Nf3 e6 3. d4 cxd4 4. Nxd4 a6 5. Bd3 Qc7 6. c4 d6 7. Nc3 g6 8. O-O
Bg7 9. Be3 Nf6 10. f3 O-O 11. Rc1 Nbd7 12. a3 b6 13. b4 Bb7 14. Qd2 Rfe8 15.
Rfd1 Rac8 16. Qf2 Qb8 17. Nb3 Ne5 18. Bxb6 Nxd3 19. Rxd3 Rxc4 20. Na5 Bxe4 21.
Ba7 Qa8 22. Nxc4 Bxd3 23. Nxd6 Rd8 24. Bc5 Qc6 25. Rd1 Bb5 26. Ndxb5 Rxd1+ 27.
Nxd1 axb5 28. Nc3 Nd5 29. Ne4 f5 30. Nd6 Bf8 31. Qe2 Ne7 32. Qe5 Bg7 33. Qe2
Bf8 34. Qe5 Bg7 35. Qe3 Bf8 36. Qe5 1/2-1/2

[Event "41. Torneo Internacional de La Roda"]
[Site "La Roda ESP"]
[Date "2014.04.19"]
[Round "7.7"]
[White "Sanchez Jerez, Emilio Miguel"]
[Black "Arribas Lopez, Angel"]
[Result "0-1"]
[WhiteElo "2213"]
[BlackElo "2476"]
[PlyCount "106"]
[EventDate "2014.04.16"]
[EventType "swiss"]
[EventRounds "9"]
[EventCountry "ESP"]
[Source "lmi"]
[SourceDate "2014.04.16"]

1. d4 e6 2. Nc3 d5 3. e4 Nf6 4. e5 Nfd7 5. Nce2 c5 6. c3 Nc6 7. Nf3 Qa5 8. a3
Nxd4 9. Nexd4 cxd4 10. b4 Qc7 11. cxd4 Nb6 12. Be3 a5 13. b5 Nc4 14. Qc2 Bd7
15. Bxc4 Qxc4 16. Qxc4 dxc4 17. a4 Bb4+ 18. Ke2 c3 19. Ne1 f6 20. Nd3 O-O 21.
Rab1 Rfc8 22. Nc5 Rc7 23. f4 Rd8 24. Rhc1 Bc8 25. Nd3 Ba3 26. Rc2 b6 27. Rb3
Bf8 28. Rbxc3 Rxc3 29. Rxc3 Bb7 30. g4 Bd5 31. f5 exf5 32. gxf5 Be4 33. exf6
gxf6 34. Nf4 Bb4 35. Rc1 Bxf5 36. d5 Re8 37. Kf2 Re4 38. Nh5 Rh4 39. Ng3 Bc2
40. Kg1 Bxa4 41. Rc8+ Kf7 42. Rc7+ Kg6 43. Rc6 Bxb5 44. Rxb6 Bd7 45. Rb7 Bh3
46. Ne2 Kf5 47. Kf2 Bd6 48. Nd4+ Ke4 49. Nf3 Rg4 50. Nd2+ Kd3 51. Rxh7 Rg2+ 52.
Kf3 Rxh2 53. Ra7 f5 0-1

[Event "41. Torneo Internacional de La Roda"]
[Site "La Roda ESP"]
[Date "2014.04.19"]
[Round "7.8"]
[White "Arroyo Rodriguez, Jesus"]
[Black "Dias, Paulo"]
[Result "0-1"]
[WhiteElo "2025"]
[BlackElo "2401"]
[PlyCount "86"]
[EventDate "2014.04.16"]
[EventType "swiss"]
[EventRounds "9"]
[EventCountry "ESP"]
[Source "lmi"]
[SourceDate "2014.04.16"]

1. e4 e5 2. Nf3 Nc6 3. Nc3 Nf6 4. d4 exd4 5. Nxd4 Bb4 6. Nxc6 bxc6 7. Bd3 d5 8.
exd5 cxd5 9. Qe2+ Be7 10. Bg5 O-O 11. O-O-O Bg4 12. f3 Be6 13. Rhe1 c6 14. Bf5
Bxf5 15. Qxe7 Re8 16. Qxd8 Raxd8 17. Bxf6 gxf6 18. Rxe8+ Rxe8 19. Kd2 Kf8 20.
Na4 Ke7 21. Re1+ Be6 22. Ke3 Kd6 23. Kd4 Rb8 24. c3 c5+ 25. Ke3 Bd7 26. b3 Bxa4
27. bxa4 Re8+ 28. Kd2 Rxe1 29. Kxe1 Kc6 30. c4 d4 31. Kd2 Kb6 32. Kc2 Ka5 33.
Kb3 d3 34. Kc3 Kxa4 35. Kxd3 Kb4 36. g4 a5 37. h3 Ka3 38. h4 Kxa2 39. Kc3 Ka3
40. f4 Ka4 41. h5 f5 42. g5 Ka3 43. g6 fxg6 0-1

[Event "41. Torneo Internacional de La Roda"]
[Site "La Roda ESP"]
[Date "2014.04.19"]
[Round "7.9"]
[White "Plaskett, H James"]
[Black "Nicolas Zapata, Irene"]
[Result "0-1"]
[WhiteElo "2496"]
[BlackElo "2267"]
[PlyCount "71"]
[EventDate "2014.04.16"]
[EventType "swiss"]
[EventRounds "9"]
[EventCountry "ESP"]
[Source "lmi"]
[SourceDate "2014.04.16"]

1. e4 c5 2. Nc3 Nc6 3. Bb5 Nd4 4. Nf3 a6 5. Bc4 b5 6. Bd5 Rb8 7. d3 e6 8. Bb3
Nxb3 9. axb3 d6 10. d4 cxd4 11. Qxd4 Nf6 12. Bg5 h6 13. Bxf6 gxf6 14. O-O-O Be7
15. Qe3 b4 16. Na2 Qc7 17. Nd2 a5 18. Kb1 Bd7 19. Rc1 a4 20. Rhd1 h5 21. c3
bxc3 22. Rxc3 Qb7 23. b4 Rg8 24. g3 d5 25. exd5 Qxd5 26. Rd3 Qe5 27. Qf3 Bb5
28. Re3 Qg5 29. Ne4 Qg4 30. Nac3 f5 31. Nd6+ Bxd6 32. Nxb5 Rxb5 33. Qc6+ Kf8
34. Qxd6+ Kg7 35. Rd4 Qh3 36. Ka2 0-1

[Event "41. Torneo Internacional de La Roda"]
[Site "La Roda ESP"]
[Date "2014.04.19"]
[Round "7.10"]
[White "Jimenez Martinez, Jose Vicente"]
[Black "Garcia, Jhoel"]
[Result "1/2-1/2"]
[WhiteElo "2255"]
[BlackElo "2367"]
[PlyCount "62"]
[EventDate "2014.04.16"]
[EventType "swiss"]
[EventRounds "9"]
[EventCountry "ESP"]
[Source "lmi"]
[SourceDate "2014.04.16"]

1. d4 g6 2. c4 Bg7 3. e4 d6 4. Nc3 Nf6 5. f3 Nc6 6. Be3 O-O 7. Qd2 a6 8. Nge2
Rb8 9. Nc1 e5 10. d5 Nd4 11. Nb3 Nxb3 12. axb3 c5 13. b4 cxb4 14. Na4 b5 15.
cxb5 axb5 16. Qxb4 Ne8 17. Nc3 f5 18. Bd3 fxe4 19. Bxe4 Nc7 20. O-O Na6 21. Qa5
Nc5 22. b4 Qxa5 23. Rxa5 Nxe4 24. Nxe4 Bb7 25. Rd1 Ba8 26. Bg5 Rf7 27. Nxd6 Rd7
28. Rxb5 Rxb5 29. Nxb5 Bf8 30. Bf6 Bxb4 31. Bxe5 Rxd5 1/2-1/2

[Event "41. Torneo Internacional de La Roda"]
[Site "La Roda ESP"]
[Date "2014.04.19"]
[Round "7.11"]
[White "Buscara, Sevan"]
[Black "Santos, Antonio P"]
[Result "1-0"]
[WhiteElo "2345"]
[BlackElo "2235"]
[PlyCount "123"]
[EventDate "2014.04.16"]
[EventType "swiss"]
[EventRounds "9"]
[EventCountry "ESP"]
[Source "lmi"]
[SourceDate "2014.04.16"]

1. d4 Nf6 2. Nf3 g6 3. Bf4 Bg7 4. e3 O-O 5. Be2 c5 6. c3 Qb6 7. Qb3 Qxb3 8.
axb3 cxd4 9. exd4 a6 10. Nbd2 d6 11. O-O Nc6 12. h3 Bf5 13. Nc4 Nd5 14. Bh2
Rad8 15. Rfe1 Rfe8 16. Bf1 h6 17. b4 Bc8 18. Bd3 b5 19. Be4 Be6 20. Ne3 Nxe3
21. Bxc6 Nc2 22. Rxe6 Nxa1 23. Re1 Nb3 24. Bxe8 Rxe8 25. Bxd6 e6 26. Bc5 Rc8
27. Bd6 a5 28. bxa5 Nxa5 29. Nd2 Nc4 30. Nxc4 bxc4 31. Ra1 Bf8 32. Be5 Bg7 33.
Bxg7 Kxg7 34. Ra4 Kf6 35. Kf1 Kf5 36. Ra5+ Kf6 37. Rb5 Re8 38. Ke2 Ra8 39. h4
h5 40. Rb4 Ra2 41. Ke3 Kf5 42. Rb5+ Kg4 43. g3 f6 44. Rb6 g5 45. Rxe6 Kf5 46.
Rb6 gxh4 47. gxh4 Kg4 48. d5 f5 49. Kd4 f4 50. Kxc4 Kxh4 51. Kb3 Ra8 52. Rg6
Rb8+ 53. Kc2 Re8 54. Kd2 f3 55. Re6 Rb8 56. b4 Kg4 57. Ke3 Rc8 58. Re4+ Kf5 59.
c4 Rf8 60. d6 h4 61. d7 Rd8 62. Rd4 1-0

[Event "41. Torneo Internacional de La Roda"]
[Site "La Roda ESP"]
[Date "2014.04.19"]
[Round "7.12"]
[White "Lillo Castany, Victor"]
[Black "Pena Riasco, Alexander"]
[Result "1-0"]
[WhiteElo "2303"]
[BlackElo "2231"]
[PlyCount "67"]
[EventDate "2014.04.16"]
[EventType "swiss"]
[EventRounds "9"]
[EventCountry "ESP"]
[Source "lmi"]
[SourceDate "2014.04.16"]

1. e4 d5 2. exd5 Qxd5 3. Nc3 Qa5 4. d4 Nf6 5. Nf3 Nc6 6. Bb5 Bd7 7. d5 Ne5 8.
Bxd7+ Nexd7 9. O-O Nb6 10. Bf4 Nbxd5 11. Nxd5 Nxd5 12. b4 Nxb4 13. Bd2 Qa4 14.
Bxb4 Qxb4 15. Rb1 Qd6 16. Rxb7 Qxd1 17. Rxd1 Rc8 18. Ne5 e6 19. Kf1 f6 20. Nc6
Bc5 21. a4 O-O 22. a5 a6 23. Rd7 Rf7 24. Rd8+ Rf8 25. Rd7 Rf7 26. Rd8+ Rf8 27.
Rxc8 Rxc8 28. Nb8 Kf7 29. Nxa6 Bd6 30. Nb8 Ke8 31. a6 Bc5 32. Nc6 Ra8 33. a7
Kd7 34. Rb8 1-0

[Event "41. Torneo Internacional de La Roda"]
[Site "La Roda ESP"]
[Date "2014.04.19"]
[Round "7.13"]
[White "Quintin Navarro, Alberto"]
[Black "Rego, Pedro Filipe"]
[Result "0-1"]
[WhiteElo "2296"]
[BlackElo "2226"]
[PlyCount "70"]
[EventDate "2014.04.16"]
[EventType "swiss"]
[EventRounds "9"]
[EventCountry "ESP"]
[Source "lmi"]
[SourceDate "2014.04.16"]

1. Nf3 c5 2. c4 Nf6 3. g3 b6 4. Bg2 Bb7 5. O-O g6 6. Nc3 Bg7 7. d4 cxd4 8. Qxd4
O-O 9. Qh4 d6 10. Bh6 Nbd7 11. Rfd1 Rc8 12. b3 Qc7 13. Bxg7 Kxg7 14. Rac1 Qb8
15. Ne1 Nc5 16. Nd5 Bxd5 17. Bxd5 b5 18. cxb5 Qxb5 19. Bf3 Ne6 20. Nd3 a5 21.
Qh3 a4 22. b4 a3 23. Qg2 Nd4 24. Kf1 e5 25. Bb7 Rxc1 26. Rxc1 d5 27. Bxd5 Qxd5
28. Qxd5 Nxd5 29. Rc5 Rd8 30. Nxe5 Nxb4 31. Rc7 Nxa2 32. Rxf7+ Kg8 33. Ra7 Nb5
34. Rb7 Nac3 35. Nd7 Kg7 0-1

[Event "41. Torneo Internacional de La Roda"]
[Site "La Roda ESP"]
[Date "2014.04.19"]
[Round "7.14"]
[White "Claros Egea, Christian"]
[Black "Martins, David Pires Tavares"]
[Result "0-1"]
[WhiteElo "2288"]
[BlackElo "2167"]
[PlyCount "86"]
[EventDate "2014.04.16"]
[EventType "swiss"]
[EventRounds "9"]
[EventCountry "ESP"]
[Source "lmi"]
[SourceDate "2014.04.16"]

1. e4 e6 2. d4 d5 3. Nc3 Nf6 4. e5 Nfd7 5. f4 c5 6. Nf3 Nc6 7. Be3 Be7 8. Qd2
O-O 9. Be2 b6 10. O-O f6 11. dxc5 Nxc5 12. exf6 Bxf6 13. Nd4 Bd7 14. Bf3 Rc8
15. g3 Kh8 16. Bg2 Nb7 17. Rad1 Nd6 18. b3 Nxd4 19. Bxd4 Bxd4+ 20. Qxd4 Qc7 21.
Rf3 Nf5 22. Qd3 h6 23. Rd2 Be8 24. Ne2 Qc5+ 25. Kh1 Bb5 26. c4 dxc4 27. Qb1
cxb3 28. Rxb3 Bxe2 29. Rxe2 Nd4 30. Re1 Nxb3 31. axb3 Rfd8 32. h4 Qf2 33. Rxe6
Rc2 34. Qg1 Qxg3 35. Re3 Qxh4+ 36. Rh3 Qg4 37. Re3 Rc5 38. Qf1 Rd4 39. Re8+ Kh7
40. Be4+ g6 41. Re7+ Kh8 42. Re8+ Kg7 43. Re7+ Kf8 0-1

[Event "41. Torneo Internacional de La Roda"]
[Site "La Roda ESP"]
[Date "2014.04.19"]
[Round "7.15"]
[White "Gonzalez Trigal, Jose Luis"]
[Black "Aranaz Murillo, Amalia"]
[Result "1-0"]
[WhiteElo "2231"]
[BlackElo "2279"]
[PlyCount "123"]
[EventDate "2014.04.16"]
[EventType "swiss"]
[EventRounds "9"]
[EventCountry "ESP"]
[Source "lmi"]
[SourceDate "2014.04.16"]

1. d4 Nf6 2. c4 c5 3. d5 b5 4. Qc2 g6 5. e4 Bg7 6. Nf3 O-O 7. cxb5 Bb7 8. Nc3
e6 9. d6 a6 10. Be3 Qb6 11. Na4 Qa5+ 12. Bd2 Qd8 13. Nxc5 Qc8 14. Bd3 axb5 15.
O-O Na6 16. Nxb7 Qxb7 17. Bc3 Rfc8 18. Qe2 Nc5 19. Bxf6 Bxf6 20. e5 Nxd3 21.
exf6 Nf4 22. Qe5 Rc4 23. Rac1 Nh3+ 24. gxh3 Qxf3 25. Rxc4 bxc4 26. Qc3 Qf4 27.
Rc1 Rc8 28. Rd1 Rc6 29. Rd4 Qxf6 30. Rxc4 Qg5+ 31. Kf1 Qb5 32. b3 Rxd6 33. Ke1
Rc6 34. Rxc6 dxc6 35. a4 Qd5 36. a5 Qb5 37. b4 h5 38. Kd2 Qg5+ 39. Kc2 Qf5+ 40.
Kb3 Qb1+ 41. Ka3 Qf1 42. Qxc6 Qa1+ 43. Kb3 Qb1+ 44. Ka4 Qd1+ 45. Kb5 Qd3+ 46.
Kb6 Qd4+ 47. Qc5 Qd8+ 48. Kb7 Kh7 49. Qc7 Qd5+ 50. Kc8 e5 51. Qc5 Qe6+ 52. Kc7
f5 53. b5 Qf7+ 54. Kb6 Qe8 55. Qc7+ Kh6 56. a6 e4 57. a7 e3 58. fxe3 Qxe3+ 59.
Ka6 Qe6+ 60. Qc6 Qa2+ 61. Kb7 Qf7+ 62. Kb6 1-0

[Event "41. Torneo Internacional de La Roda"]
[Site "La Roda ESP"]
[Date "2014.04.19"]
[Round "7.16"]
[White "Tudela Corbalan, Carlos"]
[Black "Campora, Daniel H"]
[Result "0-1"]
[WhiteElo "2228"]
[BlackElo "2458"]
[PlyCount "108"]
[EventDate "2014.04.16"]
[EventType "swiss"]
[EventRounds "9"]
[EventCountry "ESP"]
[Source "lmi"]
[SourceDate "2014.04.16"]

1. e4 e5 2. Nf3 Nc6 3. Bb5 Nf6 4. d3 d6 5. c3 Be7 6. Nbd2 O-O 7. Nf1 Re8 8. h3
Bf8 9. g4 g6 10. Ng3 a6 11. Ba4 Nd7 12. Be3 b5 13. Bb3 Na5 14. Bc2 c5 15. Qd2
Bg7 16. Bg5 f6 17. Be3 Nf8 18. O-O Be6 19. b3 Qc7 20. Rac1 Rad8 21. c4 Nc6 22.
Nh2 Bc8 23. f4 exf4 24. Bxf4 Ne6 25. Be3 d5 26. cxd5 Qxg3+ 27. Kh1 Ne5 28. dxe6
Qxh3 29. g5 Rxe6 30. gxf6 Rxf6 31. Bg5 Rxf1+ 32. Rxf1 Rf8 33. Rxf8+ Bxf8 34.
Qg2 Nxd3 35. Qxh3 Nf2+ 36. Kg2 Nxh3 37. Be3 Bd6 38. Nf3 Nf4+ 39. Kf2 Ne6 40. e5
Be7 41. Be4 Kg7 42. Bd5 h6 43. Nd2 Ng5 44. a4 h5 45. Bc6 bxa4 46. bxa4 Nf7 47.
Bf4 g5 48. Bh2 Be6 49. Ne4 c4 50. Ke3 h4 51. Kd4 Nh6 52. Nd6 Ng4 53. Bg1 h3 54.
Ke4 h2 0-1

[Event "41. Torneo Internacional de La Roda"]
[Site "La Roda ESP"]
[Date "2014.04.19"]
[Round "7.17"]
[White "Martinez Lopez, David"]
[Black "Strikovic, Aleksa"]
[Result "0-1"]
[WhiteElo "2229"]
[BlackElo "2533"]
[PlyCount "34"]
[EventDate "2014.04.16"]
[EventType "swiss"]
[EventRounds "9"]
[EventCountry "ESP"]
[Source "lmi"]
[SourceDate "2014.04.16"]

1. e4 c5 2. Nf3 e6 3. d4 cxd4 4. Nxd4 a6 5. Bd3 Nf6 6. Nc3 d6 7. Be3 g6 8. Nb3
Bg7 9. f3 O-O 10. Qd2 Nbd7 11. O-O-O Re8 12. Bh6 Bxh6 13. Qxh6 Qc7 14. h4 Ne5
15. Be2 b5 16. h5 b4 17. Nb1 Bb7 0-1